| 000 | 00886nam a2200193Ii 4500 | ||
|---|---|---|---|
| 003 | JO-AjNU | ||
| 008 | 230605s9999||||xx |||||||||||||| ||und|| | ||
| 040 |
_aJO-AjNU _bara _erda _cJO-AjNU |
||
| 041 | _aara | ||
| 050 | 1 | 4 | _aLB102.3.T32 1985 |
| 100 | 3 |
_aالمنظمة العربية للتنمية والثقافة/الجابر،زكي معد ومشرف/المتولي،ثريا معده ومشرفه, _eauthor _915782 |
|
| 245 | 0 | 0 | _aالتعليم عبر القمر الصناعي العربي:دليل إعداد البرامج،الأولويات والمعايير |
| 264 | 3 | 1 | _aتونس:المنظمة العربية للتربية والثقافة والعلوم،1985 |
| 300 |
_a109ص _bملحق:ص(85-109) |
||
| 336 |
_atext _btxt _2rdacontent |
||
| 337 |
_aunmediated _bn _2rdamedia |
||
| 338 |
_avolume _bnc _2rdacarrier |
||
| 650 | 4 |
_aتكنولوجيا التعليم _915783 |
|
| 999 |
_aA4537 _c8105 _d8105 |
||